Hindi action cinema : (Record no. 10180)

MARC details
000 -LEADER
fixed length control field 02719 a2200385 4500
005 - DATE AND TIME OF LATEST TRANSACTION
control field 20090519121928.0
008 - FIXED-LENGTH DATA ELEMENTS--GENERAL INFORMATION
fixed length control field 090519t xxu||||| |||| 00| 0 eng d
010 ## - LCCN (DPL NO)
LC control number ENG-89173 B-309880-885
020 ## - INTERNATIONAL STANDARD BOOK NUMBER
International Standard Book Number 9780195692440
Terms of availability 645.00
020 ## - INTERNATIONAL STANDARD BOOK NUMBER
International Standard Book Number 0195692446
Terms of availability 645.00
035 ## - SYSTEM CONTROL NUMBER
System control number EN-72706
035 ## - SYSTEM CONTROL NUMBER
System control number B-309880-885
035 ## - SYSTEM CONTROL NUMBER
System control number B-359128
037 ## - SOURCE OF ACQUISITION
Source of stock number/acquisition DBAD / PUB
037 ## - SOURCE OF ACQUISITION
Source of stock number/acquisition Pansy Books
040 ## - CATALOGING SOURCE
Original cataloging agency dpl
Language of cataloging English
082 ## - DEWEY DECIMAL CLASSIFICATION NUMBER
Classification number 791.430954
100 ## - MAIN ENTRY--PERSONAL NAME
Personal name Vitali, Valentina
245 ## - TITLE STATEMENT
Title Hindi action cinema :
Statement of responsibility, etc by Valentina Vitali
Remainder of title industries, narratives, bodies /
260 ## - PUBLICATION, DISTRIBUTION, ETC. (IMPRINT)
Place of publication, distribution, etc New Delhi
Name of publisher, distributor, etc Oxford University Press
Date of publication, distribution, etc 2008
270 ## - ADDRESS
Address YMCA Library Building, Jai Singh Road
City New Delhi
Postal code 110 001
300 ## - PHYSICAL DESCRIPTION
Extent xxxiii, 266p.
Dimensions 22cm(Hb)
500 ## - GENERAL NOTE
General note Includes bibliographical references and index
942 ## - ADDED ENTRY ELEMENTS (KOHA)
Institution code [OBSOLETE] dpl
Item type English Books
Source of classification or shelving scheme Dewey Decimal Classification
Classification part 791.430954
Call number suffix VIT
Holdings
Withdrawn status Lost status Source of classification or shelving scheme Damaged status Not for loan Home library Current library Date acquired Cost, normal purchase price Total Checkouts Barcode Date last seen Cost, replacement price Koha item type Collection code Source of acquisition Full call number Copy number Checked out Total Renewals Public note
    Dewey Decimal Classification     Central Library Central Library 19/05/2009 645.00 2 B-309880 22/06/2023 645.00 English Books Non-fiction UBS/8475/3.1.09/248/12.12.08/7.1.09 791.430954 VIT 1      
    Dewey Decimal Classification     Andrews Gunj D.B.Act.Division 01/10/2008 645.00   EN-72706 15/09/2008 645.00 English Books              
    Dewey Decimal Classification     Janak Puri Janak Puri 01/10/2009 645.00 1 B-359128 20/11/2017 645.00 English Books Non-fiction Pansy Books/942/29.9.09/92/4.9.09/29.9.09 791.430954 VIT 1   1 Received Rs.645.00 Vide RN.90/74dt.20/11/2017
    Dewey Decimal Classification     Karol Bagh Karol Bagh 19/05/2009 645.00   B-309884 19/05/2009 645.00 English Books Non-fiction UBS/8475/3.1.09/248/12.12.08/7.1.09 791.430954 VIT 1      
    Dewey Decimal Classification     Patel Nagar Patel Nagar 19/05/2009 645.00   B-309881 19/05/2009 645.00 English Books Non-fiction UBS/8475/3.1.09/248/12.12.08/7.1.09 791.430954 VIT 1      
    Dewey Decimal Classification     Sarojini Nagar Sarojini Nagar 19/05/2009 645.00 1 B-309882 26/04/2010 645.00 English Books Non-fiction UBS/8475/3.1.09/248/12.12.08/7.1.09 791.430954 VIT 1      
    Dewey Decimal Classification     Shahdara Branch Shahdara Branch 19/05/2009 645.00   B-309885 19/05/2009 645.00 English Books Non-fiction UBS/8475/3.1.09/248/12.12.08/7.1.09 791.430954 VIT 1      
    Dewey Decimal Classification     Vinoba Puri Vinoba Puri 19/05/2009 645.00 1 B-309883 02/01/2010 645.00 English Books Non-fiction UBS/8475/3.1.09/248/12.12.08/7.1.09 791.430954 VIT 1 16/01/2010    

© Delhi Public Library
Hit Counter
free hit counter